Biomimicry for optimization, control, and automation / (Record no. 175917)
[ view plain ]
| 000 -LEADER | |
|---|---|
| fixed length control field | 01434 a2200229 4500 |
| 003 - CONTROL NUMBER IDENTIFIER | |
| control field | Nust |
| 005 - DATE AND TIME OF LATEST TRANSACTION | |
| control field | 20230905105808.0 |
| 010 ## - LIBRARY OF CONGRESS CONTROL NUMBER | |
| LC control number | 2004041694 |
| 020 ## - INTERNATIONAL STANDARD BOOK NUMBER | |
| Terms of availability | 1852338040 (alk. paper) |
| 040 ## - CATALOGING SOURCE | |
| Transcribing agency | Nust |
| 082 00 - DEWEY DECIMAL CLASSIFICATION NUMBER | |
| Classification number | 629.8,PAS |
| 100 1# - MAIN ENTRY--PERSONAL NAME | |
| Personal name | Passino, Kevin M. |
| 9 (RLIN) | 56723 |
| 245 10 - TITLE STATEMENT | |
| Title | Biomimicry for optimization, control, and automation / |
| Statement of responsibility, etc. | Kevin M. Passino. |
| 260 ## - PUBLICATION, DISTRIBUTION, ETC. | |
| Place of publication, distribution, etc. | London ; |
| -- | New York : |
| Name of publisher, distributor, etc. | Springer, |
| Date of publication, distribution, etc. | 2004. |
| 300 ## - PHYSICAL DESCRIPTION | |
| Extent | xxxi, 926 p. : |
| Other physical details | ill. ; |
| Dimensions | 24 cm. |
| 505 ## - FORMATTED CONTENTS NOTE | |
| Formatted contents note | Challenges in computer control and automation (Page-7), Scientific foundations for biomimicry (Page-57), Neural network substrates for control instincts (Page-105), Rule-based control (Page-153), Planning systems (Page-225), Attentional systems (Page-263), Learning and control (Page-321), Linear least squares methods (Page-421), Gradient methods (Page-471), Adaptive control (Page-547), The genetic algorithm (Page-613), Stochastic and nongradient optimization for design (Page-647),Evolution and learning : synergistic effects (Page-719), Cooperative foraging and search (Page-759), Competitive and intelligent foraging (Page-829), |
| 650 #0 - SUBJECT ADDED ENTRY--TOPICAL TERM | |
| Topical term or geographic name entry element | Process control |
| General subdivision | Automation. |
| 9 (RLIN) | 99425 |
| 650 #0 - SUBJECT ADDED ENTRY--TOPICAL TERM | |
| Topical term or geographic name entry element | Telecommunication engineering |
| 856 42 - ELECTRONIC LOCATION AND ACCESS | |
| Materials specified | Publisher description |
| Uniform Resource Identifier | <a href="http://www.loc.gov/catdir/enhancements/fy0818/2004041694-d.html">http://www.loc.gov/catdir/enhancements/fy0818/2004041694-d.html</a> |
| 856 42 - ELECTRONIC LOCATION AND ACCESS | |
| Materials specified | Table of contents only |
| Uniform Resource Identifier | <a href="http://www.loc.gov/catdir/enhancements/fy0818/2004041694-t.html">http://www.loc.gov/catdir/enhancements/fy0818/2004041694-t.html</a> |
| 942 ## - ADDED ENTRY ELEMENTS (KOHA) | |
| Koha item type | Reference |
| Source of classification or shelving scheme | |
| Withdrawn status | Lost status | Source of classification or shelving scheme | Damaged status | Not for loan | Permanent Location | Current Location | Shelving location | Date acquired | Full call number | Barcode | Date last seen | Price effective from | Koha item type | Public note |
|---|---|---|---|---|---|---|---|---|---|---|---|---|---|---|
| Military College of Signals (MCS) | Military College of Signals (MCS) | Reference | 12/12/2016 | 629.8,PAS | MCS31521 | 12/08/2016 | 12/12/2016 | Reference | Almirah No.24, Shelf No.3 |
